• 首页
  • 本馆介绍
  • 公告通知
  • 最新文献
  • 馆藏检索
  • 电子资源
  • 读者导购
  • 参考咨询
  • 我的图书馆
  • 登录
  • 详细信息显示
  • 放入我的书架
  • 预约/预借图书
  • 作者相关作品
  • 分类相关作品
  • 丛书相关作品
  • 出版社相关作品

书目信息

  • 表格格式
  • 工作单格式
  • 卡片格式
题名:
香薰魔法书
    
 
作者: 陈敏 编著
分册:  
出版信息: 广州   广东经济出版社  2005.11
页数: 119页
开本: 21cm
丛书名:
单 册:
中图分类: R244.9
科图分类:
主题词: 薰洗疗法--基本知识 , 薰洗疗法
电子资源:
ISBN: 7-80728-127-8
000 00806oam2 2200253 450
001 003096368
005 20060427163307.0
010    @a7-80728-127-8@dCNY25.80
100    @a20100913d2005 em y0chiy0110 ea
101 0  @achi
102    @aCN@b440000
105    @aa z 000yy
200 1  @a香薰魔法书@Axiang xun mo fa shu@f陈敏编著
210    @a广州@c广东经济出版社@d2005.11
215    @a119页@c彩照@d21cm
300    @a美人加工坊
330    @a本书主要介绍了SPA的起源对人体意想不到的作用,各种植物油的调制方法,全身香薰保养的操作技巧,还讲解了家庭香薰的各种小窍门以及十二星座的香薰情缘等知识。
461  0 @12001 @a美人加工坊
606 0  @a薰洗疗法@x基本知识
606 0  @a薰洗疗法
690    @aR244.9@v5
701  0 @a陈敏@Achen min@c(保健)@4编著
905    @aBZT@dR244.9@e16
906    @dCNY25.80@n0@r1
    
    香薰魔法书/陈敏编著.-广州:广东经济出版社,2005.11
    119页:彩照;21cm
    美人加工坊
    
    ISBN 7-80728-127-8:CNY25.80
    本书主要介绍了SPA的起源对人体意想不到的作用,各种植物油的调制方法,全身香薰保养的操作技巧,还讲解了家庭香薰的各种小窍门以及十二星座的香薰情缘等知识。
●
相关链接 在五车中查询图书 在当当中查询图书 在豆瓣中查询图书


正题名:香薰魔法书     索取号:R244.9/16         预约/预借

序号 登录号 条形码 馆藏地/架位号 状态 备注
1 766938   2000766938   中心书库中库/ 中库003架A面6列3层40/ [索取号:R244.9/16] 在馆    
2 766939   2000766939   中心书库中库/ 中库003架A面6列3层35/ [索取号:R244.9/16] 在馆    
3 766940   2000766940   中心书库中库/ 中库003架A面6列3层32/ [索取号:R244.9/16] 在馆    
4 766941   2000766941   中心书库中库/ 中库003架A面6列3层38/ [索取号:R244.9/16] 在馆    
5 766942   2000766942   中心书库中库/ 中库003架A面6列3层33/ [索取号:R244.9/16] 在馆    
6 766943   2000766943   中心书库中库/ 中库003架A面6列3层39/ [索取号:R244.9/16] 在馆    
7 766944   2000766944   中心书库中库/ 中库003架A面6列3层37/ [索取号:R244.9/16] 在馆    
8 766945   2000766945   中心书库中库/ 中库003架A面6列3层31/ [索取号:R244.9/16] 在馆    
9 766946   2000766946   中心书库中库/ 中库003架A面6列3层36/ [索取号:R244.9/16] 在馆    
10 766947   2000766947   中心书库中库/ 中库003架A面6列3层34/ [索取号:R244.9/16] 在馆    
山东省滨州职业学院图书馆 欢迎您!
大连网信软件有限公司© 版权所有